Statistics for Hockey's Triple Gold Club

Click here to take the quiz!

General Stats

  • This quiz has been taken 478 times
  • The average score is 6 of 25

Answer Stats

CountryPlayers% Correct
Czech RepublicJaromír Jágr
78%
Peter Forsberg
67%
Nicklas Lidström
55%
Joe Sakic
45%
Jonathan Toews
44%
Henrik Zetterberg
36%
Igor Larionov
33%
Viacheslav Fetisov
30%
Scott Niedermayer
28%
Chris Pronger
24%
Patrice Bergeron
20%
Brendan Shanahan
19%
Mats Näslund
19%
RussiaAlexander Mogilny
18%
Niklas Kronwall
18%
CanadaRob Blake
15%
Eric Staal
11%
Mikael Samuelsson
10%
Håkan Loob
9%
Jiří Šlégr
9%
SwedenTomas Jonsson
8%
RussiaValeri Kamensky
7%
Fredrik Modin
5%
Vladimir Malakhov
5%
Alexei Gusarov
3%

Score Distribution

Percentile by Number Answered

Percent of People with Each Score

Your Score History

You have not taken this quiz